<?xml version="1.0" encoding="UTF-8"?>
<record
    xmlns:xsi="http://www.w3.org/2001/XMLSchema-instance"
    xsi:schemaLocation="http://www.loc.gov/MARC21/slim http://www.loc.gov/standards/marcxml/schema/MARC21slim.xsd"
    xmlns="http://www.loc.gov/MARC21/slim">

  <leader>00720nam a2200229   4500</leader>
  <controlfield tag="005">20240124113341.0</controlfield>
  <datafield tag="010" ind1=" " ind2=" ">
    <subfield code="a">ENG-139002</subfield>
  </datafield>
  <datafield tag="020" ind1=" " ind2=" ">
    <subfield code="a">9789391211394</subfield>
    <subfield code="c">2295.00</subfield>
  </datafield>
  <datafield tag="035" ind1=" " ind2=" ">
    <subfield code="a">EN-122534</subfield>
  </datafield>
  <datafield tag="037" ind1=" " ind2=" ">
    <subfield code="b">DBAD/PUB</subfield>
  </datafield>
  <datafield tag="082" ind1=" " ind2=" ">
    <subfield code="a">347.132</subfield>
  </datafield>
  <datafield tag="100" ind1=" " ind2=" ">
    <subfield code="a">Sarkar,S.C.</subfield>
    <subfield code="9">61229</subfield>
  </datafield>
  <datafield tag="245" ind1=" " ind2=" ">
    <subfield code="a"> Civil Court Practice &amp; Procedure Manual /</subfield>
    <subfield code="c">by S.C. Sarkar...[et.al.]</subfield>
  </datafield>
  <datafield tag="260" ind1=" " ind2=" ">
    <subfield code="a">Gurgaon</subfield>
    <subfield code="b">Lexis Nexis</subfield>
    <subfield code="c">2022</subfield>
  </datafield>
  <datafield tag="270" ind1=" " ind2=" ">
    <subfield code="a">14th floor, Building no10,Tower-B,DLF cyber city,Phase-ii</subfield>
    <subfield code="b">Gurgaon</subfield>
    <subfield code="e">122002</subfield>
  </datafield>
  <datafield tag="300" ind1=" " ind2=" ">
    <subfield code="a">clxxx,1127p.</subfield>
    <subfield code="c">25cm(Hb)</subfield>
  </datafield>
  <datafield tag="500" ind1=" " ind2=" ">
    <subfield code="a">include Index</subfield>
  </datafield>
  <datafield tag="700" ind1=" " ind2=" ">
    <subfield code="a">Sarkar, S.C. </subfield>
    <subfield code="9">61230</subfield>
  </datafield>
  <datafield tag="700" ind1=" " ind2=" ">
    <subfield code="a">Sarkar,P.C.</subfield>
    <subfield code="9">61231</subfield>
  </datafield>
  <datafield tag="700" ind1=" " ind2=" ">
    <subfield code="a">Sarkar,Sudipto </subfield>
    <subfield code="9">61232</subfield>
  </datafield>
  <datafield tag="942" ind1=" " ind2=" ">
    <subfield code="2">ddc</subfield>
    <subfield code="c">EN</subfield>
    <subfield code="h">347.05</subfield>
    <subfield code="m">SAR</subfield>
  </datafield>
  <datafield tag="999" ind1=" " ind2=" ">
    <subfield code="c">200351</subfield>
    <subfield code="d">200351</subfield>
  </datafield>
  <datafield tag="952" ind1=" " ind2=" ">
    <subfield code="0">0</subfield>
    <subfield code="1">0</subfield>
    <subfield code="4">0</subfield>
    <subfield code="7">1</subfield>
    <subfield code="8">REF</subfield>
    <subfield code="a">ZLS</subfield>
    <subfield code="b">ZLS</subfield>
    <subfield code="d">2024-01-24</subfield>
    <subfield code="e">DBAD/PUB</subfield>
    <subfield code="g">2295.00</subfield>
    <subfield code="l">0</subfield>
    <subfield code="o">347.05 SAR</subfield>
    <subfield code="p">EN-122534</subfield>
    <subfield code="r">2024-01-24 00:00:00</subfield>
    <subfield code="t">1</subfield>
    <subfield code="v">2295.00</subfield>
    <subfield code="w">2024-01-24</subfield>
    <subfield code="y">EN</subfield>
  </datafield>
</record>
